| 000 | 01128cam a22002771 4500 | ||
|---|---|---|---|
| 001 | rc 01001294 | ||
| 003 | DLC | ||
| 005 | 20260227111903.0 | ||
| 007 | cr_||||||||||| | ||
| 008 | 810206s1898 tnuab 000 0 eng | ||
| 010 | _arc 01001294 | ||
| 035 | _a(OCoLC)7110225 | ||
| 040 |
_aDLC _cTM _dOCoLC _dDLC |
||
| 042 | _apremarc | ||
| 043 | _an-us-tn | ||
| 050 | 0 | 0 |
_aF442.2 _b.N25 |
| 110 | 2 | _aNashville, Chattanooga, and St. Louis Railway. | |
| 245 | 1 | 0 |
_aInformation for immigrants concerning middle Tennessee and the counties in that division traversed by or tributary to the Nashville, Chattanooga & St. Louis Ry. ... _cBy J.B. Killebrew ... Isued by the Passenger Department ... |
| 260 |
_aNashville, Tenn., _bMarshall & Bruce Co., printers, _c1898. |
||
| 300 |
_a148 p. _billus. (incl. double map) _c19 cm. |
||
| 530 | _aAlso available in digital form on the Internet Archive Web site. | ||
| 651 | 0 |
_aTennessee _xEmigration and immigration. |
|
| 651 | 0 |
_aTennessee, Middle _xDescription and travel. |
|
| 700 | 1 |
_aKillebrew, Joseph Buckner, _d1831-1906. |
|
| 856 | 4 | 1 | _uhttp://hdl.loc.gov/loc.gdc/scd0001.0001144992A |
| 999 |
_c52055 _d52055 |
||